[Event "Turkey IS Bank Super League 2017"]
[Site "Darica-Kocaeli"]
[Date "2017.07.26"]
[Round "1.41"]
[White "Kuzubov, Yuriy"]
[Black "Cheparinov, Ivan"]
[Result "1/2-1/2"]
[WhiteElo "2646"]
[BlackElo "2703"]
[Annotator "TA"]
[PlyCount "81"]
[EventType "team-tourn"]
[EventCountry "TUR"]
[SourceTitle "playchess.com"]
[Source "ChessBase"]
[SourceQuality "1"]

{[%evp 15,81,12,20,18,22,0,4,0,0,-4,0,0,0,0,0,0,0,0,7,23,6,18,68,54,110,110,109,105,129,115,108,75,79,92,82,81,124,110,119,108,108,95,134,100,88,85,98,74,72,72,75,66,59,45,54,48,55,55,59,0,0,0,65,55,64,0,0,0]} 1. d4 Nf6 2. c4 g6 3. g3 c6 4. Bg2 d5 5. Qa4 a6 (5... Nfd7 6. cxd5 Nb6 7. Qd1 cxd5 8. Nc3 Nc6 9. a4 Bg7 10. a5 Nc4 11. Bxd5 N4xa5 12. Nf3 O-O {0-1 (61) Mamedyarov,S (2800)-Vachier Lagrave,M (2796) Paris 2017}) 6. cxd5 {D71: Fianchetto Grünfeld: 3 g3 d5 sidelines and 5 cxd5 (without Nf3)} b5 7. Qd1 cxd5 8. Nf3 Bg7 {LiveBook: 4 Games} 9. O-O O-O 10. Ne5 $146 ({Find the theoretical novelty and annotate with similar games:} 10. Bf4 Bb7 11. Nbd2 Nc6 12. Rc1 Qb6 {1-0 (23) Vidit,S (2648)-Di Berardino,D (2512) Dubai 2016}) 10... Bb7 11. Nd2 Nfd7 12. f4 Qb6 13. e3 a5 14. Ndf3 Nf6 {[%cal Bd7f6,Bf6e4,Be4d2][%mdl 32]} 15. Bd2 Ne4 16. b4 Nxd2 17. Qxd2 axb4 18. Qxb4 f6 19. Nd3 e6 (19... Na6 $14 20. Qb3 Rfc8) 20. a4 $16 Ra5 21. Qc5 Nd7 {[#]} 22. Qxb6 $1 Nxb6 23. Nc5 Bc8 {[%cal Rb5a4]} 24. Rfb1 Nxa4 25. Bf1 Ra8 26. Bxb5 Nb6 27. Rxa8 Nxa8 28. Bd7 Nc7 29. Bxc8 Rxc8 30. Rb6 {[#] Rc6 is the strong threat.} Re8 31. Rb7 Rc8 32. g4 Bf8 33. Nd7 {Black must now prevent Nb6.} Ne8 $1 34. Nxf8 (34. g5 {is interesting.} Be7 35. gxf6 Bxf6 36. Ng5 Rc1+ 37. Kf2) 34... Kxf8 35. Rxh7 $14 {[%mdl 4096] Endgame KRN-KRN} Rc1+ 36. Kg2 $1 Rc2+ 37. Kg1 ({White should play} 37. Kf1 $1 $14) 37... Rc1+ $1 $11 38. Kg2 (38. Kf2 $11) 38... Rc2+ $14 39. Kf1 $1 Nd6 40. Ne1 (40. Nh4 $1 $14) 40... Ra2 $11 41. g5 {Precision: White = 76%, Black = 79%.} 1/2-1/2

[Event "Turkey IS Bank Super League 2017"]
[Site "Darica-Kocaeli"]
[Date "2017.07.26"]
[Round "1.42"]
[White "Salgado Lopez, Ivan"]
[Black "Mchedlishvili, Mikheil"]
[Result "1/2-1/2"]
[WhiteElo "2622"]
[BlackElo "2602"]
[Annotator "TA"]
[PlyCount "89"]
[EventType "team-tourn"]
[EventCountry "TUR"]
[SourceTitle "playchess.com"]
[Source "ChessBase"]
[SourceQuality "1"]

{[%evp 9,89,16,16,3,7,-12,0,8,0,-16,3,-6,-1,-30,-25,-25,-12,-10,-20,-37,-23,-23,-15,-17,-16,-49,-33,-46,-48,-62,-37,-34,-32,-29,-32,-35,0,-210,-108,-106,-95,-74,-93,-88,-29,-16,-19,-126,-127,-147,-104,-105,-110,-110,-101,-119,-82,-92,-92,-125,-118,-130,-65,-76,-56,-90,-51,-54,-51,-51,-51,-51,-51,-51,-51,-51,-52,-58,-52,-85,-85,-85]} 1. b3 d5 2. Bb2 Bg4 3. g3 Nd7 4. Bg2 e6 5. Nf3 Ngf6 6. d3 {A01: Nimzowitsch-Larsen Opening} (6. h3 $5 {[%cal Rh3g4]} Bh5 7. O-O $11) (6. O-O Be7 7. c4 O-O 8. d3 a5 9. Nbd2 c6 10. h3 {½-½ (10) Stupak,K (2562)-Malakhatko,V (2504) Pavlodar 2016}) 6... a5 7. a3 Bd6 8. Nbd2 {The position is equal.} O-O 9. h3 Bh5 (9... Bxf3 $5 10. Nxf3 a4 $11) 10. O-O c6 11. Qe1 Re8 12. e4 {Black must now prevent e5.} e5 13. Nh4 {[%cal Bf3h4,Bh4f5,Bf5e3][%mdl 32]} Qc7 14. Kh1 dxe4 $146 ({NOTEXT:} 14... Rad8 15. Nf5 Bf8 16. f4 dxe4 17. dxe4 Bg6 18. Nh4 exf4 19. gxf4 Nh5 20. Nxg6 hxg6 {½-½ (32) Espig,L (2411)-Becking,S (2302) Saarlouis 2002}) 15. dxe4 b5 16. Nf5 Bf8 17. f4 a4 18. b4 c5 $36 {[%mdl 2048] Black is pushing.} 19. bxc5 Qxc5 20. Ne3 $1 exf4 21. gxf4 Rad8 22. Qf2 Nb6 23. Rg1 $2 {[#]} (23. Rfe1 $11 {and White has nothing to worry.}) 23... Nfd5 $1 {[%mdl 512]} 24. exd5 $17 (24. Nxd5 Qxf2) 24... Qxe3 25. Qxe3 Rxe3 26. Nf1 {[#]} Ree8 (26... Rf3 $1 $17 {[%mdl 512] Hoping for ...Nc4.} 27. Bxf3 Bxf3+ 28. Kh2 Nxd5) 27. Ng3 $11 Be2 {Threatens to win with ...Nc4.} 28. Nf5 (28. Be5 $1 $11 {keeps the balance.} Bc4 29. Bc7) 28... g6 $17 29. d6 Nc8 30. Bf6 Nxd6 31. Bxd8 {Nd4 is the strong threat.} Nxf5 32. Bf6 Bc5 33. Rge1 Bf2 34. Be5 {next Bc6 is good for White.} Bxe1 35. Rxe1 Rd8 (35... Bc4 $17 {And now ...f6! would win.} 36. Rc1 Ne3) 36. Kg1 $15 Rd2 37. Bf6 Kf8 ({But not} 37... Rxc2 $6 {[#]} 38. Bf3 $1 $11 {[%mdl 512]}) 38. Be4 Nd6 39. Bc3 Rd1 40. Rxd1 Bxd1 41. Bb4 Ke7 42. Kf2 Ke6 43. Bd3 Nc4 44. Bxc4+ bxc4 45. c3 {Precision: White = 49%, Black = 49%.} 1/2-1/2

[Event "Turkey IS Bank Super League 2017"]
[Site "Darica-Kocaeli"]
[Date "2017.07.26"]
[Round "1.43"]
[White "Kerigan, Demre"]
[Black "Can, Emre"]
[Result "0-1"]
[WhiteElo "2354"]
[BlackElo "2586"]
[Annotator "TA"]
[PlyCount "82"]
[EventType "team-tourn"]
[EventCountry "TUR"]
[SourceTitle "playchess.com"]
[Source "ChessBase"]
[SourceQuality "1"]

{[%evp 19,82,16,15,2,14,-1,0,0,-2,-6,-13,-17,-15,-22,-18,-19,0,0,-7,-7,0,-54,-19,-48,-3,-53,-21,-48,0,-58,-62,-58,-56,-49,-41,-57,-60,-53,-55,-58,-75,-91,-85,-85,-90,-122,-123,-116,-120,-138,-141,-133,-132,-354,-358,-355,-339,-516,-510,-537,-523,-567,-573,-637,-585]} 1. e4 c5 2. Nc3 Nc6 3. Bb5 Nd4 4. Nf3 Nxb5 5. Nxb5 d6 6. d4 Nf6 {B23: Closed Sicilian: Lines without g3} 7. O-O a6 (7... Bd7 8. a4 a6 9. Nc3 cxd4 10. Qxd4 Bc6 11. Bg5 e6 12. b4 h6 13. Bxf6 Qxf6 14. Qe3 {½-½ (33) Perunovic,M (2614)-Mamedov,R (2647) Al Ain 2012}) 8. Nc3 cxd4 9. Qxd4 e5 10. Qd3 h6 {LiveBook: 7 Games} 11. a4 Be6 12. Rd1 Be7 13. b3 Qc7 $146 14. Bb2 O-O 15. Nd2 Rfd8 16. Nd5 Nxd5 17. exd5 Bg4 {[%cal Be6g4,Bg4h5,Bh5g6][%mdl 32]} 18. Re1 Bh5 19. c4 Bg6 20. Qe2 ({Better is} 20. Qc3 $11) 20... Re8 (20... b5 $5) 21. Qg4 Kh7 (21... b5 $5) 22. Qg3 f5 (22... b5 $5) 23. f4 {[%cal Rf4e5]} Qb6+ 24. Qf2 ({White should try} 24. Kf1 $1 $11) 24... Qxf2+ $15 25. Kxf2 exf4 26. Nf3 Bf7 27. Re2 Bf8 $1 28. Rae1 Rxe2+ 29. Rxe2 {[#]} b5 $1 {[%mdl 512]} 30. Nd4 (30. axb5 axb5) 30... bxc4 31. bxc4 Rc8 32. Nc6 Be8 33. Na7 Ra8 {Threatens to win with ...Bh5.} 34. Bd4 Bxa4 {[#] Strongly threatening ...Bb3.} 35. Rb2 Re8 36. Rb4 $2 (36. Nc6 $17) 36... Bc2 $19 37. Nc6 Bd3 38. Kf3 (38. g3 {might work better.}) 38... g5 {Black is clearly winning.} 39. h3 Kg6 40. Rb6 {intending Ne5+.} Kh5 41. Rb4 a5 {Precision: White = 36%, Black = 76%.} 0-1

[Event "Turkey IS Bank Super League 2017"]
[Site "Darica-Kocaeli"]
[Date "2017.07.26"]
[Round "1.44"]
[White "Dastan, Muhammed Batuhan"]
[Black "Sevgi, Volkan"]
[Result "0-1"]
[WhiteElo "2529"]
[BlackElo "2199"]
[Annotator "TA"]
[PlyCount "142"]
[EventType "team-tourn"]
[EventCountry "TUR"]
[SourceTitle "playchess.com"]
[Source "ChessBase"]
[SourceQuality "1"]

{[%evp 28,142,10,0,23,27,18,12,29,12,21,11,16,23,35,25,68,51,47,50,61,63,110,48,40,25,121,113,133,95,90,0,125,0,98,97,101,88,98,99,114,131,139,146,154,100,131,135,125,102,90,0,0,-78,-74,-77,-76,-74,-74,-74,-59,-68,-69,-82,-68,-72,-53,-57,0,0,18,18,14,9,11,2,33,29,51,39,49,35,51,47,56,46,60,60,61,60,60,60,63,60,68,67,68,48,60,64,94,54,84,73,78,60,75,55,41,0,89,12,15,10,18,-1890,-2098]} 1. e4 c5 2. Nf3 Nc6 3. d4 cxd4 4. Nxd4 Nf6 5. Nc3 e5 6. Ndb5 d6 7. Bg5 a6 8. Na3 b5 9. Nd5 Be7 {[%cal Bf8e7,Be7f6,Bf6g5][%mdl 32]} 10. Bxf6 Bxf6 11. c3 Bg5 12. Nc2 Rb8 13. Bd3 O-O 14. O-O Be6 15. Nce3 Bxe3 {B33: Sicilian: Pelikan and Sveshnikov Variations} 16. Nxe3 Qb6 {[#]} 17. a3 $146 ({Predecessor:} 17. Bc2 b4 18. Bb3 bxc3 19. bxc3 Qc5 20. Rb1 Rb5 21. Qd3 Na5 22. Bxe6 fxe6 23. Rfd1 Rxb1 24. Rxb1 {0-1 (54) Aseev,K (2530)-Krasenkow,M (2590) Elista 1995}) 17... Rbd8 {The position is equal.} 18. b4 Ne7 19. Qc2 g6 20. a4 f5 21. axb5 fxe4 22. Be2 axb5 23. Qxe4 Rf4 24. Qd3 d5 25. g3 (25. Ra5 $1 $16) 25... Rff8 $14 26. Ra5 d4 (26... Bh3 $11 {keeps the balance.}) 27. Rxb5 $16 Qc6 28. Rc5 $36 {[%mdl 2048] White is in control.} Qb7 29. Rb5 Qc6 30. Rc5 Qb7 31. Bg4 Bf7 32. Nc2 {[%cal Rc3d4]} e4 33. Qd2 dxc3 34. Qxc3 Nd5 35. Qb2 Nb6 {[%cal Bd5b6,Bb6a4,Ba4c3][%mdl 32]} 36. Qc1 (36. Qa1 $142) 36... Na4 37. Ra5 Nc3 38. Qe3 Rd3 39. Qc5 (39. Qg5 $16) 39... h5 $1 $11 {[%cal Rh5g4]} 40. Ra7 (40. Bxh5 $1 $11 {remains equal.} gxh5 41. Qg5+ Kh7 42. Qf5+ Kg8 43. Qg5+ Kh7 44. Qf5+ Kg8 45. Qg5+) 40... Qd5 $17 41. Bh3 {[#]} e3 $1 {[%cal Rc3e2]} 42. Bg2 (42. fxe3 $2 Ne2+ 43. Kf2 Rd2 $19) 42... Qxc5 43. bxc5 e2 44. Re1 Rd1 {And now ...Bb3 would win.} 45. Ra3 $1 {[%cal Ra3c3]} Nb5 46. Ra1 $1 Bb3 47. Ne3 Rxa1 (47... Nc3 $15 48. Nxd1 exd1=R) 48. Rxa1 $11 Bd1 (48... Rd8 $5 {[%cal Rb3d1]} 49. Bf3 Nd4 $11) 49. Bd5+ Kg7 50. Ng2 Rf5 51. Be4 Rxc5 (51... Re5 $5 {[%cal Re5e4]} 52. f3 Nc3 $16) 52. f3 Nc3 53. Bd3 Rd5 54. Ra7+ Kh6 55. Ne1 Rd6 56. h4 Nd5 57. Kf2 Nf6 58. Re7 Nd5 59. Rb7 Nf6 60. Ra7 (60. Bxe2 $2 Rd2 $19) 60... Rd7 61. Ra3 Rf7 62. Ke3 Re7+ 63. Kd2 $1 Rd7 64. Ra5 Rd5 65. Ra6 Kg7 66. Ng2 {aiming for Nf4.} g5 67. hxg5 Rxg5 68. Ne3 Kf7 {[#]} (68... e1=Q+ $11 69. Kxe1 Bxf3) 69. Ra7+ ({Of course not} 69. Nxd1 $6 exd1=N 70. Bc4+ (70. Kxd1 Rxg3 71. Ke2 h4 $11) 70... Kg6 $11) (69. Bxe2 $6 Bxe2 70. Kxe2 Rxg3 $11) ({White should play} 69. Bc4+ $1 $16 Kg7 70. f4 (70. Nxd1 exd1=R+ 71. Kxd1 Rxg3 $11) (70. Bxe2 Bxe2 71. Kxe2 Kf7 $16)) 69... Kf8 70. Bc4 {Threatens to win with Rf7+.} Re5 $1 {[%cal Re5e3] ...Rxe3! is the strong threat.} 71. Nxd1 $2 {[%mdl 8192]} ({Don't play} 71. Bxe2 $6 Bxe2 72. Kxe2 Nd5 $16) (71. Rf7+ $6 Ke8 $16) (71. Ra8+ $11 Kg7 72. Bxe2 Bxe2 73. Kxe2) 71... e1=Q+ {Precision: White = 48%, Black = 53%.} 0-1

[Event "Turkey IS Bank Super League 2017"]
[Site "Darica-Kocaeli"]
[Date "2017.07.26"]
[Round "1.45"]
[White "Kaplan, Ebru"]
[Black "Yildiz, Betul Cemre"]
[Result "0-1"]
[WhiteElo "2022"]
[BlackElo "2326"]
[Annotator "NA"]
[PlyCount "112"]
[EventType "team-tourn"]
[EventCountry "TUR"]
[SourceTitle "playchess.com"]
[Source "ChessBase"]
[SourceQuality "1"]
[TimeControl "40/5400+30:1800+30"]

1. e4 {[%emt 0:00:30] 54} c5 {[%emt 0:01:00] 54} 2. Nf3 {[%emt 0:00:30] 54} Nf6 {[%emt 0:00:30] 54} 3. Nc3 {[%emt 0:00:30] ]54} d5 {[%emt 0:00:30] ]54} 4. exd5 {[%emt 0:01:30] ]54} Nxd5 {[%emt 0:00:00] ]54} 5. Bb5+ {[%emt 0:02:30] ]54} Bd7 {[%emt 0:00:00] ]54} 6. Bxd7+ {[%emt 0:00:30] ]5} Qxd7 {[%emt 0:00:00] ]]} 7. O-O {[%emt 0:01:30] ]]} Nc6 {[%emt 0:04:00] ]]} 8. d4 {[%emt 0:19:30] ]]} cxd4 {[%emt 0:08:30] ]]} 9. Nxd4 {[%emt 0:00:30] ]]} Nxc3 {[%emt 0:01:30] ]]} 10. bxc3 {[%emt 0:00:00] ]]]} e6 {[%emt 0:02:30] ]]]} 11. Be3 {[%emt 0:05:00] ]]]} Be7 {[%emt 0:07:30] ]]]} 12. Rb1 {[%emt 0:12:30] ]]]} O-O {[%emt 0:07:30] ]]]} 13. Qf3 {[%emt 0:06:30] ]]]} Na5 {[%emt 0:06:30] ]]]} 14. Rb5 {[%emt 0:03:30] ]]]} b6 {[%emt 0:01:30] ]]} 15. Rh5 {[%emt 0:01:30] ]]]} g6 {[%emt 0:07:30] ]]]} 16. Bh6 {[%emt 0:07:30] ]]]} Rfd8 {[%emt 0:05:30] ]]]} 17. Re1 {[%emt 0:05:30] ]]]} Rac8 {[%emt 0:01:30] ]]]} 18. Rhe5 {[%emt 0:05:30] ]]]} Nc4 {[%emt 0:04:30] ]]]} 19. R5e2 {[%emt 0:03:30] ]]]} e5 {[%emt 0:08:30] ]]]} 20. h3 {[%emt 0:04:28] [%clk 0:17.02][} Bf8 {[%emt 0:13:33] %%%l} 21. Bxf8 {[%emt 0:00:30]} Rxf8 {[%emt 0:00:30]} 22. Nb3 {[%emt 0:00:30] ]} f5 {[%emt 0:00:39] ]} 23. Qg3 {[%emt 0:04:35] ]} Qd6 {[%emt 0:10:36] [%clk 0:03.19] [%clk 0:01:40] ] [%clk 0:00:34] ] [%clk 0:00:44]} 24. Kh1 {[%emt 0:13:02]} Rfd8 {[%emt 0:07:28]} 25. Qg5 {[%emt 0:00:30]} Kg7 {[%emt 0:00:30]} 26. h4 {[%emt 0:00:30]} Qf6 {[%emt 0:00:30]} 27. Qg3 {[%emt 0:00:30]} e4 {[%emt 0:00:30]} 28. Nd4 {[%emt 0:00:30]} Kh8 {[%emt 0:00:30]} 29. Rb1 {[%emt 0:00:30]} Rd5 {[%emt 0:00:30]} 30. Kg1 {[%emt 0:00:30]} f4 {[%emt 0:00:30]} 31. Qh3 {[%emt 0:00:30]} Re8 {[%emt 0:00:30]} 32. Rb4 {[%emt 0:00:30]} Nd6 {[%emt 0:00:30]} 33. a4 {[%emt 0:00:30]} Rh5 {[%emt 0:00:30]} 34. g3 {[%emt 0:00:30]} Rc5 {[%emt 0:00:30]} 35. Nb5 {[%emt 0:00:30]} Nxb5 {[%emt 0:00:30]} 36. axb5 {[%emt 0:00:30]} Rce5 {[%emt 0:00:30]} 37. Rd4 {[%emt 0:00:30]} f3 {[%emt 0:00:30]} 38. Re3 {[%emt 0:00:30]} Qf7 {[%emt 0:00:30]} 39. Qd7 {[%emt 0:00:30]} R8e7 {[%emt 0:00:30]} 40. Qc8+ {[%emt 0:00:30]} Kg7 {[%emt 0:00:14]} 41. Kh2 {[%emt 0:11:56]} Qf5 {[%emt 0:12:24]} 42. Qa8 {[%emt 0:10:48]} h6 {[%emt 0:08:40]} 43. Rd8 {[%emt 0:01:31]} Qf7 {[%emt 0:00:07]} 44. c4 {[%emt 0:04:22]} g5 {[%emt 0:04:04]} 45. Rh8 {[%emt 0:02:16]} gxh4 {[%emt 0:01:16]} 46. g4 {[%emt 0:00:55]} Rg5 {[%emt 0:02:02]} 47. Kh3 {[%emt 0:01:02]} h5 {[%emt 0:02:23]} 48. Rxh5 {[%emt 0:00:50]} Rxh5 {[%emt 0:01:16]} 49. gxh5 {[%emt 0:00:08]} Qf5+ {[%emt 0:02:33]} 50. Kxh4 {[%emt 0:00:06]} Qf4+ {[%emt 0:00:48]} 51. Kh3 {[%emt 0:00:05]} Qf5+ {[%emt 0:00:50]} 52. Kh4 {[%emt 0:00:30]} Qe5 {[%emt 0:00:00]} 53. h6+ {[%emt 0:01:51]} Kxh6 {[%emt 0:00:33]} 54. Qf8+ {[%emt 0:00:15]} Kh7 {[%emt 0:00:06]} 55. Qc8 {[%emt 0:00:48]} Rg7 {[%emt 0:00:40]} 56. Re1 {[%emt 0:00:15]} Qg5+ {[%emt 0:00:08]} 0-1

[Event "Turkey IS Bank Super League 2017"]
[Site "Darica-Kocaeli"]
[Date "2017.07.26"]
[Round "1.46"]
[White "Ozen, Bahadir"]
[Black "Gulden, Egemen"]
[Result "1-0"]
[WhiteElo "2315"]
[BlackElo "2044"]
[Annotator "NA"]
[PlyCount "117"]
[EventType "team-tourn"]
[EventCountry "TUR"]
[SourceTitle "playchess.com"]
[Source "ChessBase"]
[SourceQuality "1"]
[TimeControl "40/5400+30:1800+30"]

1. g3 {[%emt 0:00:30] 02][%} e5 {[%emt 0:01:00] 02][%} 2. Bg2 {[%emt 0:00:30] 02][%} Nc6 {[%emt 0:00:30] 022]} 3. c4 {[%emt 0:01:30] ]02]} g6 {[%emt 0:00:30] ]02]} 4. Nc3 {[%emt 0:01:30] ]0]} Bg7 {[%emt 0:00:30] ]]0} 5. d3 {[%emt 0:01:30] ]]0} d6 {[%emt 0:01:30] ]]0} 6. Nf3 {[%emt 0:00:30] ]]0} h6 {[%emt 0:00:30] ]]0} 7. Rb1 {[%emt 0:03:30] ]]0} Be6 {[%emt 0:00:30] ]]0} 8. b4 {[%emt 0:03:30] ]]0} Qd7 {[%emt 0:00:30] ]]0} 9. b5 {[%emt 0:01:30] ]]0} Nd8 {[%emt 0:00:30] ]]} 10. O-O {[%emt 0:05:30] ]]]} Ne7 {[%emt 0:02:30] ]]]} 11. Bb2 {[%emt 0:08:30] ]]]} O-O {[%emt 0:04:30] ]]} 12. c5 {[%emt 0:04:30] ]]} d5 {[%emt 0:10:30] ]]} 13. Na4 {[%emt 0:02:30] ]]} f6 {[%emt 0:09:30] ]]]} 14. c6 {[%emt 0:01:30] ]]]} bxc6 {[%emt 0:02:30] ]]]} 15. Nc5 {[%emt 0:01:30] ]]} Qc8 {[%emt 0:06:30] ]]} 16. Nxe6 {[%emt 0:06:30] ]]} Qxe6 {[%emt 0:01:30] ]]} 17. bxc6 {[%emt 0:01:30] ]]]} Ndxc6 {[%emt 0:13:30] ]]]} 18. Nd2 {[%emt 0:05:30] ]]} f5 {[%emt 0:15:30] ]]]} 19. Nb3 {[%emt 0:09:30] ]]]} a5 {[%emt 0:17:25]} 20. Nc5 {[%emt 0:05:30] 5 [%clk 0:25:0] 21]} Qc8 {[%emt 0:06:29] %clk} 21. Qa4 {[%emt 0:08:30] 6]%} Rd8 {[%emt 0:00:28] ]} 22. e4 {[%emt 0:01:30] 0]]} fxe4 {[%emt 0:00:36] ]} 23. dxe4 {[%emt 0:00:30] ]]]} d4 {[%emt 0:01:09] ]} 24. Qc4+ {[%emt 0:07:23] ]} Kh8 {[%emt 0:00:02] ]} 25. f4 {[%emt 0:01:10] ]]} Rd6 {[%emt 0:00:58] ]]} 26. f5 {[%emt 0:01:14] ]]} Qg8 {[%emt 0:01:45] [%clk 0:00.54] [%clk 0:01:06] [%clk 0:01.27] 4 [%clk 0:01:56]} 27. Qxg8+ {[%emt 0:15:57]} Kxg8 {[%emt 0:00:42]} 28. Ne6 {[%emt 0:00:30]} gxf5 {[%emt 0:00:30]} 29. exf5 {[%emt 0:00:30]} Bf6 {[%emt 0:00:30]} 30. Ba3 {[%emt 0:00:30]} Rc8 {[%emt 0:00:30]} 31. Bxd6 {[%emt 0:00:30]} cxd6 {[%emt 0:00:30]} 32. Rb5 {[%emt 0:00:30]} Nd8 {[%emt 0:00:30]} 33. Rxa5 {[%emt 0:00:30]} Nxe6 {[%emt 0:00:30]} 34. fxe6 {[%emt 0:00:30]} Kg7 {[%emt 0:00:30]} 35. Ra7 {[%emt 0:00:30]} Rc5 {[%emt 0:00:30]} 36. Rxe7+ {[%emt 0:00:30]} Bxe7 {[%emt 0:00:30]} 37. Rf7+ {[%emt 0:00:30]} Kg8 {[%emt 0:00:30]} 38. Rxe7 {[%emt 0:00:30]} Rc1+ {[%emt 0:00:30]} 39. Kf2 {[%emt 0:00:30]} Rc2+ {[%emt 0:00:30]} 40. Kf1 {[%emt 0:00:30]} Rc1+ {[%emt 0:30:30]} 41. Ke2 {[%emt 0:30:30]} Rc2+ {[%emt 0:00:00]} 42. Kf3 {[%emt 0:00:00]} e4+ {[%emt 0:00:00]} 43. Kxe4 {[%emt 0:00:00]} Rxg2 {[%emt 0:00:00]} 44. a4 {[%emt 0:00:00]} Rxh2 {[%emt 0:00:00]} 45. Kxd4 {[%emt 0:00:00]} Kf8 {[%emt 0:00:00]} 46. Rf7+ {[%emt 0:00:00]} Ke8 {[%emt 0:00:00]} 47. Kd5 {[%emt 0:00:00]} Rd2+ {[%emt 0:02:22]} 48. Kc6 {[%emt 0:00:00]} Re2 {[%emt 0:00:53]} 49. Kxd6 {[%emt 0:00:00]} Rd2+ {[%emt 0:01:01]} 50. Ke5 {[%emt 0:00:00]} Rg2 {[%emt 0:01:26]} 51. a5 {[%emt 0:00:22]} Rxg3 {[%emt 0:00:55]} 52. a6 {[%emt 0:00:30]} Re3+ {[%emt 0:00:04]} 53. Kd5 {[%emt 0:00:21]} Rd3+ {[%emt 0:00:24]} 54. Ke5 {[%emt 0:00:29]} Re3+ {[%emt 0:00:30]} 55. Kf6 {[%emt 0:00:00]} Rf3+ {[%emt 0:00:43]} 56. Kg7 {[%emt 0:00:11]} Rg3+ {[%emt 0:00:30]} 57. Kh7 {[%emt 0:00:00]} Re3 {[%emt 0:00:12]} 58. a7 {[%emt 0:00:12]} Rxe6 {[%emt 0:00:17]} 59. Rb7 {[%emt 0:00:00]} 1-0

[Event "Turkey IS Bank Super League 2017"]
[Site "Darica-Kocaeli"]
[Date "2017.07.26"]
[Round "1.47"]
[White "Nomin-Erdene, Davaademberel"]
[Black "Akdogan, Alperen"]
[Result "1-0"]
[WhiteElo "2373"]
[BlackElo "2151"]
[Annotator "NA"]
[PlyCount "71"]
[EventType "team-tourn"]
[EventCountry "TUR"]
[SourceTitle "playchess.com"]
[Source "ChessBase"]
[SourceQuality "1"]
[TimeControl "40/5400+30:1800+30"]

1. e4 d5 2. exd5 Qxd5 3. Nc3 Qd6 4. d4 Nf6 5. Nf3 Bg4 6. h3 Bh5 7. g4 Bg6 8. Ne5 Nbd7 9. Nxg6 hxg6 10. Bg2 c6 11. Ne2 Nb6 12. c3 e6 13. Qb3 Qc7 14. a4 Nbd5 15. a5 Be7 16. Bd2 b5 17. axb6 Nxb6 18. c4 O-O 19. Bf4 Qd7 20. O-O Rfd8 21. Ra6 c5 22. Bxa8 Rxa8 23. Qf3 Rd8 24. dxc5 Bxc5 25. b3 Qd3 26. Qxd3 Rxd3 27. Rxa7 Rxb3 28. Rc7 Ne4 29. Be3 Bxe3 30. fxe3 Rxe3 31. Rfxf7 Rxe2 32. Rxg7+ Kf8 33. Rcf7+ Ke8 34. Rb7 Kf8 35. Rgc7 Re1+ 36. Kg2 1-0

[Event "Turkey IS Bank Super League 2017"]
[Site "Darica-Kocaeli"]
[Date "2017.07.26"]
[Round "1.48"]
[White "Duran, Esma Doga"]
[Black "Yurdakul, Didem Nuray"]
[Result "1-0"]
[WhiteElo "1939"]
[BlackElo "1697"]
[Annotator "NA RC"]
[PlyCount "56"]
[EventType "team-tourn"]
[EventCountry "TUR"]
[SourceTitle "playchess.com"]
[Source "ChessBase"]
[SourceQuality "1"]
[TimeControl "40/5400+30:1800+30"]

1. d4 {[%emt 0:00:30] 58]} d5 {[%emt 0:01:00] 58]} 2. c4 {[%emt 0:00:30] 58]} e6 {[%emt 0:00:30] 58]} 3. Nc3 {[%emt 0:00:30] ]58]} Nf6 {[%emt 0:00:30] ]58]} 4. cxd5 {[%emt 0:00:30] ]58]} exd5 {[%emt 0:00:30] ]58]} 5. Bg5 {[%emt 0:00:30] ]58]} Be7 {[%emt 0:00:00] ]58]} 6. e3 {[%emt 0:00:00] ]58]} c6 {[%emt 0:00:00] ]55]} 7. Qc2 {[%emt 0:00:00] ]55]} O-O {[%emt 0:00:30] ]55} 8. Bd3 {[%emt 0:00:30] ]555} Nbd7 {[%emt 0:00:30] ]555} 9. Nf3 {[%emt 0:00:00] ]55} Re8 {[%emt 0:00:30] ]555} 10. O-O {[%emt 0:00:00] ]]55} Nf8 {[%emt 0:00:00] ]]55} 11. h3 {[%emt 0:01:30] ]]55} Ng6 {[%emt 0:00:00] ]]55} 12. Rab1 {[%emt 0:01:30] ]]55} a5 {[%emt 0:00:30] ]]5} 13. a3 {[%emt 0:02:30] ]]]} Bd6 {[%emt 0:00:30] ]]]} 14. Na4 {[%emt 0:03:30] ]]]} h6 {[%emt 0:03:30] ]]]]} 15. Bxf6 {[%emt 0:02:30] ]]]]} Qxf6 {[%emt 0:00:30] ]]]]} 16. Nb6 {[%emt 0:02:30] ]]]]} Rb8 {[%emt 0:05:30] ]]]]} 17. Nxc8 {[%emt 0:03:30] ]]]]} Rbxc8 {[%emt 0:03:30] ]]]]} 18. Qa4 {[%emt 0:13:30] ]]]]} Ra8 {[%emt 0:02:30] ]]]]} 19. Rfe1 {[%emt 0:07:30] ]]]} Bc7 {[%emt 0:09:30] ]]]]} 20. Qb3 {[%emt 0:06:30] ]]]]} Rab8 {[%emt 0:10:30] ]]]]} 21. e4 {[%emt 0:06:30] ]]]]} Nf4 {[%emt 0:09:30] ]]]]} 22. e5 {[%emt 0:06:30] ]]]]} Qe6 {[%emt 0:02:30] ]]]]} 23. Bc2 {[%emt 0:05:30] ]]]]} Bd8 {[%emt 0:05:30] ]]]]} 24. Qe3 {[%emt 0:03:30] ]]]} Ng6 {[%emt 0:03:30] ]]]]} 25. g4 {[%emt 0:04:30] ]]]]} Nh4 {[%emt 0:06:30] ]]]]} 26. Nh2 {[%emt 0:08:53] [%clk 0:08.48]][%} f5 {[%emt 0:08:30] ]]} 27. Re2 {[%emt 0:11:19] %%ck} Rf8 {[%emt 0:09:08] %%cck} 28. Qd3 {[%emt 0:03:24] %%cck} Bg5 {[%emt 0:06:30] % [%clk 0:08:46] [%clk 0:06.58] [%clk 0:01:46] ] [%clk 0:01:46]} 1-0